Науката от света на диска (Запис номер 397426)
[ съкратено ]
| 000 -Лидер | |
|---|---|
| Контролно поле с фиксирана дължина | 01368nam a2200349 a 4500 |
| 003 - Код на организацията, давaща контролен номер | |
| Контролно поле | BLK |
| 005 - Дата и час на последна редакция | |
| Контролно поле | 20241018144428.0 |
| 008 - Елементи от данни с фиксирана дължина | |
| fixed length control field | 180410b bul|||||r ||||||| ||bul|| |
| 020 ## - Международен стандартен номер на книга ISBN | |
| Международен стандартен номер на книга ISBN | 9789542833666 |
| 040 ## - Източник на каталожния запис | |
| Идентификатор на билиотеката - собственик на записа | BLK |
| 041 ## - Код за език | |
| Код за езика на текст/звукозапис или на отделно заглавие | Български |
| Код за езика КДБФ | Български |
| 080 ## - УДК | |
| Текстов определител УДК | Английска литература |
| УДК код - определител по УДК | 821.111 |
| УДК определител | -31 |
| УДК - код + определител | 821.111-31 |
| 100 1# - Редна дума - Автор | |
| Автор | Пратчет, Тери |
| Дати, свързани с автора | 1948-2015 |
| Автор - информация (биография) | Писател, автор на фентъзи-романи. |
| Пълна форма на името | Пратчет, Терънс Дейвид Джон |
| R(LIN) | 112859 |
| 139 ## - Редно поле | |
| Редна дума | Пратчет, Тери и др. |
| Авторски знак | Правилн - П 84 |
| 245 10 - Сведения за заглавието | |
| Заглавие | Науката от света на диска |
| Редно поле (дума) | Тери Пратчет, Иън Стюарт, Джак Коен; прев. от англ. Богдан Русев |
| 257 ## - Страна на издаване | |
| Страна на създаване/издаване | България |
| 260 ## - Област на издателските данни | |
| Място на издаване, разпространение и проч. | София |
| Име на издателя, разпространителя и проч. | Сиела Норма |
| Година на издаване | 2020 |
| 9 (RLIN) | 217021 |
| Издателство - префикс ISBN | 978-954-28- |
| 300 ## - Физическа характеристика | |
| Страници | 480 с. |
| Размери/Мащаб | 22 см |
| 380 ## - Жанр | |
| Жанр | Худож. лит. |
| 700 ## - Други автори (авторска отговорност) | |
| Лично име | Стюарт, Иън |
| Автороска отговорност (Описва отношението между автора и произведението) | съавт. |
| 9 (RLIN) | 1445 |
| 700 ## - Други автори (авторска отговорност) | |
| Лично име | Коен, Джак |
| Автороска отговорност (Описва отношението между автора и произведението) | съавт. |
| 9 (RLIN) | 1445 |
| 700 ## - Други автори (авторска отговорност) | |
| Лично име | Русев, Богдан Бориславов |
| Дати, свързани с автора | 1975- |
| Автороска отговорност (Описва отношението между автора и произведението) | прев. от англ. |
| 9 (RLIN) | 365584 |
| 856 4# - Електронен адрес и достъп | |
| Електронен формат | pdf - файл |
| Инструкция (цена за достъп) | 0.00 |
| Права за достъп | disable |
| 856 4# - Електронен адрес и достъп | |
| Електронен формат | pdf - файл |
| Инструкция (цена за достъп) | 0.00 |
| Права за достъп | disable |
| 999 ## - СИСТЕМНИ КОНТРОЛНИ НОМЕРА | |
| Koha biblionumber | 397426 |
| Koha biblioitemnumber | 397426 |
| 942 ## - АРТИКУЛИ | |
| Вид на библиотечния материал | Книги |
| Скрит в OPAC | Не |
| Koha issues (borrowed), all copies | 18 |
| Периодичен библиозапис | Да |
| 944 ## - СЪЗДАВАНЕ И РЕДАКЦИЯ на ЗАПИСА | |
| Създаване/Редакция | Създаване |
| Дата на регистрацията/редакция | 2021-02-17 |
| Служител, извършил регистрацията/редакцията | 30530 |
| Статус, дата на статуса | Минев Младен |
| 999 ## - СИСТЕМНИ КОНТРОЛНИ НОМЕРА | |
| Koha biblioitemnumber | 397426 |
| 999 ## - СИСТЕМНИ КОНТРОЛНИ НОМЕРА | |
| Koha biblioitemnumber | 397426 |
| 999 ## - СИСТЕМНИ КОНТРОЛНИ НОМЕРА | |
| Koha biblioitemnumber | 397426 |
| 999 ## - СИСТЕМНИ КОНТРОЛНИ НОМЕРА | |
| Koha biblioitemnumber | 397426 |
| 999 ## - СИСТЕМНИ КОНТРОЛНИ НОМЕРА | |
| Koha biblioitemnumber | 397426 |
| Код за отписване | Код за изгубен артикул | Източник на класификационната схема | Код за повреда | Коз за рестрикции | Код за отдаване | Артикулен № | Име на библиотеката - собственик | Име на библиотеката, в която се намира в момента | Статус (Текущо местоположение) | Дата на вписване в системата | Местоположение - отдел | Цена в лева | Систематично азбучна сигнатура | Баркод | Цена в евро | Служебен тип на артикула |
|---|---|---|---|---|---|---|---|---|---|---|---|---|---|---|---|---|
| Не е изгубен | Universal Decimal Classification | Не е повреден | без рестрикции | заемане за дома | 812561 | Регионална библиотека "Любен Каравелов" Русе | Регионална библиотека "Любен Каравелов" Русе | Заемна - подръчен фонд | 2021-02-17 | Заемна - подръчен фонд | 17.25 | 821-31/П 84 Т | 120000850779 | 8.82 | Книги | |
| Не е изгубен | Universal Decimal Classification | Не е повреден | без рестрикции | заемане за дома | 812562 | Регионална библиотека "Любен Каравелов" Русе | Регионална библиотека "Любен Каравелов" Русе | Заемна - подръчен фонд | 2021-02-17 | Заемна - подръчен фонд | 17.25 | 821-31/П 84 Т | 120000850778 | 8.82 | Книги |